Las crónicas de Narnia

Kaydedildi:
Detaylı Bibliyografya
Yazar: Lewis, C. S (Yazar)
Materyal Türü: Kitap
Dil:İspanyolca
Baskı/Yayın Bilgisi: Santiago Andrés Bello 1996
Edisyon:4a. ed
Konular:
Etiketler: Etiketle
Etiket eklenmemiş, İlk siz ekleyin!

MARC

LEADER 00000cam a2200000 a 4500
001 UCC3907
003 CL-VaPUC
008 180622e19960000cl |||||||||||||||||spa|d
020 |a 956130832K 
082 0 4 |a 823  |b LEW  |2 21 
100 |a Lewis, C. S  |e author  |9 328236 
245 1 4 |a Las crónicas de Narnia 
250 |a 4a. ed 
300 |a v 
942 |c BK 
945 |d 20180622 13:48:00  |a arojas 
260 |a Santiago  |b Andrés Bello  |c 1996 
500 |a v.7: La última batalla 
650 0 |a Novelas inglesas  |9 265220 
650 0 |a Literatura inglesa  |9 312907 
583 |a last modification  |c 20180622 13:48:00  |k Rodrigo Vera 
999 |c 371555  |d 371553